Nuevas escenas matritenses / (Record no. 42820)

MARC details
000 -LEADER
campo de control de longitud fija 00814nam a2200253 i 4500
001 - NÚMERO DE CONTROL
campo de control 42820
003 - IDENTIFICADOR DE NÚMERO DE CONTROL
campo de control ES-MaACL
005 - FECHA Y HORA DE LA ÚLTIMA TRANSACCIÓN
campo de control 20250712062542.0
007 - CAMPO FIJO DE DESCRIPCIÓN FÍSICA--INFORMACIÓN GENERAL
campo de control de longitud fija t|
008 - DATOS DE LONGITUD FIJA--INFORMACIÓN GENERAL
campo de control de longitud fija 030314m19651966sp o |||| | spa d
080 ## - NÚMERO DE LA CLASIFICACIÓN DECIMAL UNIVERSAL
Número de la Clasificación Decimal Universal 39(460.271)
080 ## - NÚMERO DE LA CLASIFICACIÓN DECIMAL UNIVERSAL
Número de la Clasificación Decimal Universal 821.134.2-36"19"
100 1# - ENTRADA PRINCIPAL--NOMBRE DE PERSONA
Nombre de persona Cela, Camilo José,
Fechas asociadas al nombre 1916-2002
9 (RLIN) 37336
245 10 - MENCIÓN DEL TÍTULO
Título Nuevas escenas matritenses /
Mención de responsabilidad, etc. Camilo José Cela ; fotografías de Enrique Palazuelo.
250 ## - MENCION DE EDICION
Mención de edición 1ª ed.
260 ## - PUBLICACIÓN, DISTRIBUCIÓN, ETC.
Lugar de publicación, distribución, etc. Madrid :
Nombre del editor, distribuidor, etc. Alfaguara,
Fecha de publicación, distribución, etc. 1965-1966.
300 ## - DESCRIPCIÓN FÍSICA
Extensión 7 v. ([70] h. de lám. fot.) ;
Dimensiones 28 x 18 cm.
490 1# - MENCIÓN DE SERIE
Mención de serie Fotografías al minuto ;
Designación de volumen o secuencia 1-7
651 #4 - PUNTO DE ACCESO ADICIONAL DE MATERIA--NOMBRE GEOGRÁFICO
Nombre geográfico Madrid-
Subdivisión general Usos y costumbres-
Subdivisión cronológica S.XX.
9 (RLIN) 8992
700 1# - ENTRADA AGREGADA--NOMBRE PERSONAL
Nombre de persona Palazuelo, Enrique.
9 (RLIN) 88519
830 1# - PUNTO DE ACCESO ADICIONAL DE SERIE-TÍTULO UNIFORME
Título uniforme Fotografías al minuto ;
Designación de volumen o secuencia 1-7
9 (RLIN) 229842
852 4# - LOCALIZACIÓN
Ubicación ES-MaACL
Número de control de estantería C-30880-86
Holdings
Estatus retirado Estado de pérdida Estado de daño No para préstamo Biblioteca de origen Biblioteca actual Ubicación en estantería Fecha de adquisición Fuente de adquisición Total de préstamos Signatura topográfica completa Código de barras Visto por última vez Precio de reemplazo Tipo de ítem Koha
        Biblioteca del Ateneo de Madrid Biblioteca del Ateneo de Madrid Depósito 2 17/01/2008     C-30880-86 1045074 23/02/2023 23/02/2023 Libro impreso